Normal view
MARC view
- Goldman,Emma
Entry Personal Name
001 - CONTROL NUMBER
- control field: 108205
003 - CONTROL NUMBER IDENTIFIER
- control field: NUST
005 - DATE AND TIME OF LATEST TRANSACTION
- control field: 20230131114739.0
008 - FIXED-LENGTH DATA ELEMENTS
- fixed length control field: 230131|| aca||aabn | a|a d
040 ## - CATALOGING SOURCE
- Original cataloging agency: NUST
- Transcribing agency: NUST
100 ## - HEADING--PERSONAL NAME
- Personal name: Goldman,Emma
670 ## - SOURCE DATA FOUND
- Source citation: Work cat.: (NUST)186392: Goldman,Emma, Red Rose /
